| 000 | 00700nam a2200193Ia 4500 | ||
|---|---|---|---|
| 003 | LDD | ||
| 008 | 190117s9999 xx 000 0 und d | ||
| 020 |
_a9788192081557 _c₹195 |
||
| 040 | _cLDD | ||
| 041 | _ahi | ||
| 082 | _a8H1.71 श्री6801इ | ||
| 100 | _aश्रीवास्तव, जितेन्द्र | ||
| 245 | 0 |
_aइन दिनों हालचाल _cजितेन्द्र श्रीवास्तव |
|
| 260 |
_aनई दिल्ली _bयश पब्लिकेशंस _c2011 |
||
| 300 | _a96पृ. | ||
| 901 | _aKGP | ||
| 904 | _aReqst by : Jitendra Shrivastav | ||
| 942 |
_2ddc _cH |
||
| 999 |
_c172295 _d172295 |
||